| 000 | 00429nam a22001697a 4500 | ||
|---|---|---|---|
| 003 | MPLRDC | ||
| 005 | 20220104124248.0 | ||
| 008 | 210129b ||||| |||| 00| 0 eng d | ||
| 082 | _a542.591 HT | ||
| 100 | _a维多莉亚. 荷特 | ||
| 245 |
_a深宫孽海 _c沈锦惠译 |
||
| 250 | _a一版二刷 | ||
| 260 |
_a _b中国友谊出版公司 _c1985 |
||
| 300 | _b平 | ||
| 650 | _a各国生活问题 | ||
| 942 |
_cBK _o542.591 HT |
||
| 999 |
_c17931 _d17921 |
||